000 00503nam a2200181 a 4500
005 20140310183436.0
008 080313s19uu xx 00 eng d
020 _a0743442431
050 _aPZ 7
_b.R916S47 2003
100 _aRuditis, Paul.
245 _aWhere in the world is Sabrina Spellman? /
_cPaul Ruditis.
260 _aNew York :
_bSimon Pulse,
_c2003.
300 _a153 p. :
_c18 cm.
440 _aSabrina the teenage witch
_n47
650 _aFiction.
942 _cBK
_2lcc
999 _c22908
_d22908